Čítanie z ruky

Podrobná bibliografia
Hlavný autor: Barrett, David V., 1952- (Autor)
Ďalší autori: Diamantová, Elena, 1949- (Prekladateľ)
Médium: Kniha
Jazyk:slovenčina
Fyzický popis:61 s. fareb. ilustr. 16 cm
Vydavateľské údaje: Bratislava Ikar 1997
ISBN:8071182389
Edícia:Veštecká knižnica
Predmet:

MARC

LEADER 00000nam a2200000 a 4500
001 vtls001277325
003 SK-MaSNL
005 20260301113258.0
008 251113s1997 xo a r 0 slo
015 |a SNBA1997/0601526 
020 |a 8071182389 
035 |a SNK000228589 
040 |a SNK  |b slo  |c SNK  |e AACR2 
041 0 |a slo 
044 |a xo  |c SK 
080 |a 133.6(035)  |2 1981 
100 1 |a Barrett, David V.,  |d 1952-  |4 aut  |9 132971 
240 1 0 |a Palmistry  |l Slovensky 
245 1 |a Čítanie z ruky  |c David V. Barrett ; [z anglického originálu preložila Elena Diamantová] 
260 |a Bratislava  |b Ikar  |c 1997 
300 |a 61 s.  |b fareb. ilustr.  |c 16 cm 
490 1 |a Veštecká knižnica 
500 |a Ilustr. na tit. strane a front. 
500 |a Údaj o prekl. prevzatý z rubu tit. strany 
504 |a Reg. 
650 0 7 |a chiromantia  |2 SNK  |9 2086 
655 7 |a príručky  |2 SNK  |9 74364 
700 1 |a Diamantová, Elena,  |d 1949-  |4 trl  |9 165082 
730 |t Palmistry  |9 455214 
830 0 |a Veštecká knižnica  |9 286585 
919 |a 80-7118-238-9 
958 |a TL 
958 |a OP 
958 |a NS 
958 |a GB 
968 |b ENG 
999 |c 713527  |d 715457 
952 |t P60, <09>, [BOOK], {629}  |a SNK  |b SNK  |y NEVYP  |7 0  |o snkD 91  |i snk823/970227  |0 0  |1 0  |4 0  |d 1997-02-26  |l 0  |r 2005-01-02 00:00:00  |w 2026-02-23 
952 |t P60, <03>, [BOOK], {603}  |a SNK  |b SNK  |y PREZ  |7 0  |p 17A0037389  |o snkSD 68383  |i snkKSP 1910/97  |0 0  |1 0  |4 0  |d 1997-02-26  |l 0  |r 2005-01-02 00:00:00  |w 2026-02-23 
952 |t P60, <04>, [BOOK], {604}  |a SNK  |b SNK  |y VYP  |7 0  |p 17A0037390  |o snkSD 68383 D1  |i snkKSP 1911/97  |0 0  |1 0  |4 0  |d 1997-02-26  |l 0  |r 2005-01-02 00:00:00  |w 2026-02-23